000 01113cam a22002654a 4500
999 _c23124
_d23124
001 15208566
005 20170125160020.0
008 080306s2008 flua c 000 0 eng
010 _a 2008010561
020 _a9781589806016 (hardcover : alk. paper)
040 _aDLC
_cDLC
_dDLC
043 _an-us-fl
050 0 0 _aND237.S277
_bA4 2008
100 1 _aSandusky, Phil.
245 1 0 _aJacksonville through a painter's eyes /
_cPhil Sandusky.
260 _aGretna :
_bPelican Pub. Co.,
_cc2008.
300 _a96 p. :
_bcol. ill. ;
_c23 x 29 cm.
600 1 0 _aSandusky, Phil
_vCatalogs.
650 0 _aPlein-air painting
_zFlorida
_zJacksonville
_vCatalogs.
651 0 _aJacksonville (Fla.)
_vIn art
_vCatalogs.
906 _a7
_bcbc
_corignew
_d1
_eecip
_f20
_gy-gencatlg
942 _2lcc
_cBOOKS
_hND 237 .S277A4 2008